000 03225nam0a2200421 4500
001 RU\NLR\BIBL_A\022614478
005 20251205120339.0
010 _a978-5-9929-1637-9
_9500
021 _aRU
_bКН-П-25-041679
_9КН-П-25-4059
035 _a(NLR Aleph) 022614478
090 _a13496471
_c13496471
100 _a20250904d2024 k y0rusy50 ca
101 0 _arus
_deng
102 _aRU
105 _aa z 100zy
181 0 _ai
_baxxe
182 0 _an
200 1 _aПриоритеты и научное обеспечение реализации государственной политики здорового питания в России
_eматериалы VII Всероссийской научно-практической конференции с международным участием (г. Орёл, 25 марта – 5 апреля 2024 г.)
_fМинистерство науки и высшего образования Российской Федерации, Федеральное государственное бюджетное образовательное учреждение высшего образования "Орловский государственный университет имени И. С. Тургенева"
_gпод общей редакцией кандидата технических наук, доцента А. П. Симоненковой [и др.]
203 _aТекст
_bвизуальный
_cнепосредственный
210 _aОрёл
_cОГУ имени И. С. Тургенева
_d2024
215 _a534 с.
_cил., табл.
_d21
300 _aРез. англ.
320 _aБиблиогр. в конце ст.
606 1 _aПродовольственный вопрос
_jСъезды, совещания и т.п
_yРоссийская Федерация
_92226809
_3RU\NLR\AUTH\661336765
606 1 _aПищевые продукты
_jСъезды, совещания и т.п
_xПроизводство
_xИнновационные технологии
_92515995
_3RU\NLR\AUTH\661491207
606 1 _aПищевые продукты
_jСъезды, совещания и т.п
_xКачество
_92201397
_3RU\NLR\AUTH\661322830
606 1 _aПитание рациональное
_jСъезды, совещания и т.п
_91157806
_3RU\NLR\AUTH\66462912
686 1 _aУ9(2)-982(2Р)я431
686 1 _aЛ80я431(2)
686 1 _aР123.0я431(2)
702 1 _aСимоненкова
_bА. П.
_gАнна Павловна
_4340
711 1 2 _a"Приоритеты и научное обеспечение реализации государственной политики здорового питания в России", международная научно-практическая конференция
_d7
_eОрёл
_f2024
_92676155
_3RU\NLR\AUTH\880630754
712 0 2 _4475
_aОрловский государственный университет им. И. С. Тургенева
_9377392
_3RU\NLR\AUTH\889941274
942 _cBOOK
980 _aNB